000 01145nam a22002897i 4500
999 _c22712
_d22712
003 AR-CdUCM
008 231005b20212021pe od||| |||| 00| 0 spa d
020 _a978-612-48745-2-9
040 _aMUNICIPALIDAD PROVINCIAL DEL CUSCO
_cBIBLIOTECA MUNICIPAL DEL CUSCO
041 _hspa
082 _a321.8 / L22
_bL22
100 _aLanegra, Iván
_948935
245 _aLa Travesía Democrática :
_bLa democracia y el bicentenario /
260 _aLima :
_bProyecto Especial Bicentenario de la Independencia del Perú,
_c2021.
300 _a162 páginas. :
_c21 cm.
500 _zBibliografía: páginas 151 - 162
505 _aLa ciudadanía universal -- Pluralismo político -- Representación política -- Instituciones y desconfianza -- Desequilibrios de la sociedad digital -- Sociedad en cambio constante
650 _aPluralismo político
_949108
650 _a Interculturalidad
_97556
650 _aDesconfianza
_949109
650 _aNuevas demandas
_949110
650 _aRespuesta ciudadana
_949111
650 _aEl bicentenario
_949112
856 _fwww.bicentenario.gob.pe
942 _2ddc
_cLIBROS
945 _apebm
_d2023-10-05